000 00874nam a22001457a 4500
999 _c524439
_d524439
008 231117b ||||| |||| 00| 0 eng d
100 _aSarma, Abhishrut
_946116
245 _aCulture, consumption, and consecration: The Mithun in Arunachal Pradesh
260 _aSocial Action
300 _a73(4), Oct-Dec, 2023: p.432-445
520 _aThis paper discusses the ways in which on endemic animal species of the Eastern Himalayas known as the Mithun (bos frontals) is entangled with the everyday practices of the local communities of the region. The assay is based on fieldwork in the state of Arunachal Pradesh in the Northeast of India. The aim is to outline the themes of culture, consumption and conservations that become intrinsic to our discussion of the semi-domesticated bovine. – Reproduced
773 _aSocial Action
906 _aCULTURE
942 _cAR